|
|
|
|
| LEADER |
01432nam a2200361 4500 |
| 001 |
DLU100113959 |
| 005 |
##20101209 |
| 040 |
# |
# |
|a DLU
|b vie
|
| 041 |
# |
# |
|a vie
|
| 044 |
# |
# |
|a vn
|
| 082 |
# |
# |
|a 362.760 92
|b PE-D
|
| 100 |
# |
# |
|a Plezer, Dave.
|
| 245 |
# |
# |
|a Không nơi nương tựa =
|b A child called "It": Khát vọng sống và ý chí tuyệt vời của một em bé trong tận cùng của sự hắt hủi và vùi dập /
|c Dave Plezer; Thanh Hoa, Vi Thảo Nguyên dịch.
|
| 246 |
# |
# |
|a A child called "It"
|
| 260 |
# |
# |
|a Tp. HCM :
|b Trẻ,
|c 2010.
|
| 300 |
# |
# |
|a 228 tr. ;
|c 21 cm.
|
| 505 |
# |
# |
|a Lời đầu sách -- Lời cảm ơn -- Lời tác giả -- Chương 1. Giải thoát -- Chương 2. Thời tươi đẹp -- Chương 3. Đứa trẻ hư hỏng -- Chương 4. Cuộc chiến vì miếng ăn -- Chương 5. Tai nạn -- Chương 6. Khi cha vắng nhà -- Chương 7. Lời nguyện cầu của chúa -- Lời kết -- Phụ lục. Tiếng nói của người trong cuộc.
|
| 653 |
# |
# |
|a Plezer, David J, 1960-.
|
| 653 |
# |
# |
|a Bạo lực gia đình
|
| 653 |
# |
# |
|a Lạm dụng trẻ em
|
| 700 |
# |
# |
|a Thanh Hoa,
|e dịch.
|
| 700 |
# |
# |
|a Vi Thảo Nguyên,
|e dịch.
|
| 923 |
# |
# |
|a 10/2010
|
| 991 |
# |
# |
|a SH
|
| 992 |
# |
# |
|a 36000
|
| 994 |
# |
# |
|a DLU
|
| 900 |
# |
# |
|a True
|
| 911 |
# |
# |
|a Đào Thị Thu Huyền
|
| 925 |
# |
# |
|a G
|
| 926 |
# |
# |
|a A
|
| 927 |
# |
# |
|a SH
|
| 980 |
# |
# |
|a Thư viện Trường Đại học Đà Lạt
|